000 00926cam a2200241 4500
001 WB3641-07
008 000000n2000 000 0 eng u
035 _a(Sirsi) u108866
245 _aCouncil lobbies for CPO change
260 _c2000
490 _aMunicipal Journal
_v13 October 2000, 3 (1)
520 _aManchester City Council, which is demolishing homes to regenerate an area east of the city centre, is pressing government to change compulsory purchase rules to allow local authorities to properly compensate homeowners with negative equity.
590 _aWB
650 _aCompulsory purchase
_96228
650 _aNEGATIVE EQUITY
650 _aOWNER-OCCUPIERS
650 _aCOMPENSATION
650 _aURBAN REGENERATION
650 _aMANCHESTER
650 _aRELOCATION GRANTS
690 _aENVIRONMENTAL AND LAND CONSULTANCY-PLANNING AND DEVELOPMENT-COMPULSORY PURCHASE AND COMPENSATION
942 _n0
999 _c64993
_d64993